Alejandro Casona y su teatro / (Record no. 171792)

MARC details
000 -LEADER
campo de control de longitud fija 00594nam a22001935i 4500
001 - NÚMERO DE CONTROL
campo de control 171792
003 - IDENTIFICADOR DE NÚMERO DE CONTROL
campo de control ES-MaACL
005 - FECHA Y HORA DE LA ÚLTIMA TRANSACCIÓN
campo de control 20251002162510.0
008 - DATOS DE LONGITUD FIJA--INFORMACIÓN GENERAL
campo de control de longitud fija 090601s1982 sp |||| | spa d
020 ## - NÚMERO INTERNACIONAL ESTÁNDAR DEL LIBRO
Número Internacional Estándar del Libro 84-300-7528-3
080 ## - NÚMERO DE LA CLASIFICACIÓN DECIMAL UNIVERSAL
Número de la Clasificación Decimal Universal 821.134.2 Casona, Alejandro 1.06
100 1# - ENTRADA PRINCIPAL--NOMBRE DE PERSONA
Nombre de persona Solís, Jesús-Andrés.
9 (RLIN) 107213
245 10 - MENCIÓN DEL TÍTULO
Título Alejandro Casona y su teatro /
Mención de responsabilidad, etc. Jesús-Andrés Solís.
260 ## - PUBLICACIÓN, DISTRIBUCIÓN, ETC.
Lugar de publicación, distribución, etc. Gijón :
Nombre del editor, distribuidor, etc. [J.A. Solís],
Fecha de publicación, distribución, etc. [1982]
300 ## - DESCRIPCIÓN FÍSICA
Extensión 117 p. ;
Dimensiones 18 cm.
600 14 - PUNTO DE ACCESO ADICIONAL DE MATERIA--NOMBRE DE PERSONA
Nombre de persona Casona, Alejandro,
Fechas asociadas al nombre 1903-1965
9 (RLIN) 171490
852 ## - LOCALIZACIÓN
Ubicación ES-MaACL
Número de control de estantería L-10734
itemnumber R.108327
Holdings
Estatus retirado Estado de pérdida Estado de daño No para préstamo Biblioteca de origen Biblioteca actual Ubicación en estantería Fecha de adquisición Fuente de adquisición Total de préstamos Signatura topográfica completa Código de barras Visto por última vez Precio de reemplazo Tipo de ítem Koha
        Biblioteca del Ateneo de Madrid Biblioteca del Ateneo de Madrid Depósito 2 01/06/2009     L-10734 1180290 23/02/2023 23/02/2023 Libro impreso